Cognitive psychology : (Record no. 22656)
[ view plain ]
| 000 -LEADER | |
|---|---|
| fixed length control field | 00510nam a22001577a 4500 |
| 005 - DATE AND TIME OF LATEST TRANSACTION | |
| control field | 20241113145248.0 |
| 008 - FIXED-LENGTH DATA ELEMENTS--GENERAL INFORMATION | |
| fixed length control field | 241017b |||||||| |||| 00| 0 eng d |
| 020 ## - INTERNATIONAL STANDARD BOOK NUMBER | |
| International Standard Book Number | 9781647267209 |
| 082 ## - DEWEY DECIMAL CLASSIFICATION NUMBER | |
| Classification number | DC 153 C654 2024 |
| 100 ## - MAIN ENTRY--PERSONAL NAME | |
| Personal name | Coffey, Dawson. |
| 9 (RLIN) | 63124 |
| 245 ## - TITLE STATEMENT | |
| Title | Cognitive psychology : |
| Remainder of title | the basics / |
| Statement of responsibility, etc. | Dawson Coffey |
| 260 ## - PUBLICATION, DISTRIBUTION, ETC. (IMPRINT) | |
| Place of publication, distribution, etc. | New York : |
| Name of publisher, distributor, etc. | Clanrye International, |
| Date of publication, distribution, etc. | ©2024. |
| 300 ## - PHYSICAL DESCRIPTION | |
| Extent | viii, 216 pages : |
| Other physical details | illustrations (some color) ; |
| Dimensions | 26 cm. |
| 500 ## - GENERAL NOTE | |
| General note | Includes references and index. |
| 942 ## - ADDED ENTRY ELEMENTS (KOHA) | |
| Source of classification or shelving scheme | Dewey Decimal Classification |
| Koha item type | Circulation |
| Withdrawn status | Lost status | Source of classification or shelving scheme | Damaged status | Not for loan | Collection code | Home library | Current library | Date acquired | Source of acquisition | Cost, normal purchase price | Total Checkouts | Full call number | Barcode | Date last seen | Price effective from | Koha item type |
|---|---|---|---|---|---|---|---|---|---|---|---|---|---|---|---|---|
| Dewey Decimal Classification | Circulation | UM Digos College - LIC | UM Digos College - LIC | 08/20/2024 | Purchased | 6440.00 | DC 153 C654 2024 | 28484 | 05/15/2025 | 10/17/2024 | Circulation |
